[Event "RA Winter op"]
[Site "Ottawa CAN"]
[Date "2014.01.17"]
[Round "1"]
[White "De Kerpel, Stijn"]
[Black "Doubleday, William"]
[Result "0-1"]
[WhiteElo "2240"]
[BlackElo "2096"]
[PlyCount "96"]
[EventDate "2014.01.17"]
[EventType "swiss"]
[EventRounds "5"]
[EventCountry "CAN"]

1. e4 c5 2. Nf3 Nc6 3. Bb5 d6 4. O-O Nf6 5. Re1 Bg4 6. c3 a6 7. Bxc6+ bxc6 8.
Qa4 Qd7 9. e5 Nd5 10. Ng5 dxe5 11. d4 cxd4 12. cxd4 exd4 13. Qxd4 f6 14. Ne4 e5
15. Qc4 Be6 16. Nc5 Bxc5 17. Qxc5 Kf7 18. Nc3 Nxc3 19. Qxc3 Rhe8 20. Be3 Bd5
21. f3 Reb8 22. b3 Rb5 23. Rad1 Qf5 24. Rd2 g5 25. Bf2 a5 26. Bc5 h5 27. Rf2
Kg6 28. Rc1 Qe6 29. Re1 Qf5 30. Rc1 Kg7 31. Re1 Qg6 32. Rc1 Qf7 33. Qe3 a4 34.
bxa4 Rxa4 35. a3 Rb3 36. Qd2 Qg6 37. Bb4 Qd3 38. Qxd3 Rxd3 39. Rb2 g4 40. fxg4
hxg4 41. Re2 Kf7 42. Rc5 g3 43. hxg3 Rxg3 44. Rec2 Ra8 45. R2c3 Rxg2+ 46. Kf1
Rag8 47. a4 R8g4 48. Ba3 Rf4+ 0-1

[Event "RA Winter op"]
[Site "Ottawa CAN"]
[Date "2014.01.17"]
[Round "1"]
[White "Djerkovic, Miladin"]
[Black "Smilovici, Emil"]
[Result "1-0"]
[WhiteElo "2235"]
[BlackElo "1965"]
[PlyCount "53"]
[EventDate "2014.01.17"]
[EventType "swiss"]
[EventRounds "5"]
[EventCountry "CAN"]

1. e4 e5 2. Nf3 Nc6 3. Bc4 Bc5 4. c3 Nf6 5. d3 a6 6. Bb3 d6 7. h3 h6 8. Nbd2
O-O 9. Nf1 Ba7 10. Ng3 Ne7 11. Nh4 b5 12. Qf3 Kh7 13. Nh5 Nxh5 14. Qxh5 Ng6 15.
Nf5 Qf6 16. g3 Be6 17. h4 c5 18. Bg5 Nf4 19. gxf4 Qg6 20. Qxg6+ fxg6 21. Bxe6
gxf5 22. Be7 Rfe8 23. Bd5 Rac8 24. Bxd6 exf4 25. Bxf4 c4 26. f3 cxd3 27. O-O-O
1-0

[Event "RA Winter op"]
[Site "Ottawa CAN"]
[Date "2014.01.17"]
[Round "1"]
[White "Dykes, John"]
[Black "Gelblum, Robert"]
[Result "0-1"]
[WhiteElo "2004"]
[BlackElo "2236"]
[PlyCount "104"]
[EventDate "2014.01.17"]
[EventType "swiss"]
[EventRounds "5"]
[EventCountry "CAN"]

1. e4 e5 2. Nf3 Nc6 3. d4 exd4 4. Nxd4 Bc5 5. Be3 Qf6 6. c3 Nge7 7. Qf3 Qxf3 8.
gxf3 Nxd4 9. cxd4 Bb4+ 10. Nd2 d5 11. O-O-O Be6 12. Kb1 O-O-O 13. Bd3 Nc6 14.
Nb3 dxe4 15. fxe4 Bxb3 16. axb3 Nxd4 17. Bc4 Ne6 18. Bxa7 Rxd1+ 19. Rxd1 Rd8
20. Rxd8+ Kxd8 21. Be3 Ke7 22. Kc2 Bd6 23. h3 Kf6 24. Be2 Ke5 25. Kd3 Bc5 26.
Bxc5 Nxc5+ 27. Ke3 g5 28. f3 c6 29. b4 Ne6 30. b5 Nf4 31. bxc6 bxc6 32. Bf1 c5
33. Bc4 f6 34. Bf1 h5 35. Kf2 h4 36. Ke3 Kd6 37. Kf2 Kc6 38. Ke3 Kb6 39. e5 f5
40. Kd2 Kc6 41. Kc3 Kd5 42. b3 Kxe5 43. Kc4 Kd6 44. b4 cxb4 45. Kxb4 Ke5 46.
Kc3 Nd5+ 47. Kd3 Kf4 48. Kd4 Ne3 49. Be2 Ng2 50. Kd5 Ne1 51. Ke6 Nxf3 52. Bxf3
Kxf3 0-1

[Event "RA Winter op"]
[Site "Ottawa CAN"]
[Date "2014.01.17"]
[Round "1"]
[White "Lebrun, Roger"]
[Black "Pacey, Kevin"]
[Result "0-1"]
[WhiteElo "2022"]
[BlackElo "2161"]
[PlyCount "50"]
[EventDate "2014.01.17"]
[EventType "swiss"]
[EventRounds "5"]
[EventCountry "CAN"]

1. e4 e5 2. Nf3 Nc6 3. Bb5 a6 4. Ba4 d6 5. c3 Bd7 6. O-O Nge7 7. Re1 Ng6 8. d4
Be7 9. Nbd2 O-O 10. Nf1 Nh4 11. Nxh4 Bxh4 12. Bb3 Qf6 13. g3 Qg6 14. Be3 Bh3
15. Qb1 Kh8 16. Bc2 Rae8 17. a4 exd4 18. Bxd4 Ne5 19. Bxe5 dxe5 20. Ne3 Rd8 21.
Rd1 Bg5 22. Nf5 Qh5 23. Rd3 Rxd3 24. Bxd3 g6 25. Ne3 Bxe3 0-1

[Event "RA Winter op"]
[Site "Ottawa CAN"]
[Date "2014.01.17"]
[Round "1"]
[White "Zhou, Qiyu"]
[Black "Sambuev, Bator"]
[Result "0-1"]
[WhiteElo "2187"]
[BlackElo "2706"]
[PlyCount "72"]
[EventDate "2014.01.17"]
[EventType "swiss"]
[EventRounds "5"]
[EventCountry "CAN"]

1. e4 g6 2. d4 Bg7 3. Nc3 d6 4. Be3 c6 5. Qd2 Nd7 6. f4 Ngf6 7. h3 b5 8. e5 b4
9. exf6 bxc3 10. Qxc3 Bxf6 11. Qxc6 Rb8 12. O-O-O O-O 13. Ba6 Qa5 14. Bc4 Nb6
15. Bd2 Qf5 16. g4 Qd7 17. Qxd7 Bxd7 18. Bb3 Bxd4 19. Ne2 Bg7 20. Bc3 Rfc8 21.
Rhe1 a5 22. a3 a4 23. Ba2 Bh6 24. Bd2 Nc4 25. Bxc4 Rxc4 26. Nc3 Kf8 27. Nd5 Bg7
28. c3 Be6 29. Be3 Bxd5 30. Rxd5 Rxb2 31. Bd4 Bxd4 32. Rxd4 Rxd4 33. cxd4 Rb3
34. h4 Rxa3 35. Kb2 Rd3 36. Re4 d5 0-1

[Event "RA Winter op"]
[Site "Ottawa CAN"]
[Date "2014.01.18"]
[Round "2"]
[White "Donev, Danail"]
[Black "De Kerpel, Stijn"]
[Result "0-1"]
[WhiteElo "1945"]
[BlackElo "2240"]
[PlyCount "92"]
[EventDate "2014.01.17"]
[EventType "swiss"]
[EventRounds "5"]
[EventCountry "CAN"]

1. e4 d5 2. exd5 Qxd5 3. Nc3 Qd6 4. d4 Nf6 5. Nf3 c6 6. Bd3 Bg4 7. Ne4 Nxe4 8.
Bxe4 Nd7 9. c3 Nf6 10. Bc2 Qd5 11. O-O e6 12. Bf4 Be7 13. Qd3 Bxf3 14. Qxf3
Qxf3 15. gxf3 Nd5 16. Bg3 h5 17. h3 O-O-O 18. Rfe1 h4 19. Bh2 Bd6 20. Re4 Nf6
21. Re2 Bxh2+ 22. Kxh2 Kc7 23. a4 Nd5 24. Re4 Kd6 25. Rae1 Rde8 26. a5 Nf6 27.
R4e2 b6 28. axb6 axb6 29. Ra1 Ra8 30. Ree1 Nd5 31. Be4 Nf4 32. Rg1 Rxa1 33.
Rxa1 f5 34. Bc2 Rh6 35. Ra6 b5 36. c4 bxc4 37. Ba4 Kd5 38. Rxc6 Rg6 39. Bb5
Rg2+ 40. Kh1 Rxf2 41. Rc5+ Kxd4 42. Rxc4+ Ke5 43. b4 Rxf3 44. Bc6 Rxh3+ 45. Kg1
g5 46. b5 Rb3 0-1

[Event "RA Winter op"]
[Site "Ottawa CAN"]
[Date "2014.01.18"]
[Round "2"]
[White "Sambuev, Bator"]
[Black "Djerkovic, Miladin"]
[Result "1-0"]
[WhiteElo "2706"]
[BlackElo "2235"]
[PlyCount "51"]
[EventDate "2014.01.17"]
[EventType "swiss"]
[EventRounds "5"]
[EventCountry "CAN"]

1. d4 Nf6 2. c4 e6 3. Nc3 Bb4 4. e3 c5 5. Bd3 Nc6 6. Nge2 cxd4 7. exd4 d5 8.
cxd5 Nxd5 9. O-O O-O 10. Be4 Nf6 11. Bf3 Bd7 12. a3 Be7 13. b4 Rc8 14. Bf4 a6
15. Qb3 Qb6 16. Na4 Qb5 17. Nc5 Bxc5 18. dxc5 e5 19. Be3 Be6 20. Qb2 Rfd8 21.
Rfd1 e4 22. Nc3 Qc4 23. Be2 Qb3 24. Qc1 Ne5 25. Rxd8+ Rxd8 26. Rb1 1-0

[Event "RA Winter op"]
[Site "Ottawa CAN"]
[Date "2014.01.18"]
[Round "3"]
[White "De Kerpel, Stijn"]
[Black "Gelblum, Robert"]
[Result "1/2-1/2"]
[WhiteElo "2240"]
[BlackElo "2236"]
[PlyCount "65"]
[EventDate "2014.01.17"]
[EventType "swiss"]
[EventRounds "5"]
[EventCountry "CAN"]

1. e4 c5 2. Nf3 g6 3. c3 Nf6 4. e5 Nd5 5. Bc4 Nb6 6. Bb3 c4 7. Bc2 Bg7 8. a4 a5
9. Qe2 O-O 10. Na3 f6 11. Nxc4 fxe5 12. Ncxe5 d6 13. Bb3+ e6 14. Nc4 Nxc4 15.
Bxc4 d5 16. Bb3 e5 17. Qb5 Be6 18. d4 Nc6 19. Ng5 Qf6 20. O-O Rad8 21. dxe5
Nxe5 22. Nxe6 Qxe6 23. Bg5 Rd7 24. f4 Nc4 25. Bxc4 dxc4 26. Rfe1 Qf7 27. Rad1
Rxd1 28. Rxd1 h6 29. Bh4 Qxf4 30. Bg3 Qe3+ 31. Kh1 Qd3 32. Rg1 Rf5 33. Qe8+
1/2-1/2

[Event "RA Winter op"]
[Site "Ottawa CAN"]
[Date "2014.01.18"]
[Round "3"]
[White "Doubleday, William"]
[Black "Sambuev, Bator"]
[Result "0-1"]
[WhiteElo "2096"]
[BlackElo "2706"]
[PlyCount "62"]
[EventDate "2014.01.17"]
[EventType "swiss"]
[EventRounds "5"]
[EventCountry "CAN"]

1. d4 d6 2. e4 Nf6 3. Bd3 e5 4. c3 Nc6 5. d5 Ne7 6. Ne2 g6 7. c4 Bg7 8. Nbc3
O-O 9. f3 Nh5 10. g4 Nf4 11. Nxf4 exf4 12. Ne2 f5 13. exf5 gxf5 14. g5 Ng6 15.
h4 c6 16. Nxf4 Nxf4 17. Bxf4 cxd5 18. Qb3 Be6 19. O-O dxc4 20. Bxc4 Bxc4 21.
Qxc4+ Kh8 22. Qb4 Re8 23. Rad1 Re2 24. Rxd6 Qe7 25. Qb5 Rxb2 26. Qd5 Rf8 27.
Re6 Qd8 28. Rd6 Qe8 29. Rf2 Qe1+ 30. Rf1 Qxh4 31. Rh6 Qxf4 0-1

[Event "RA Winter op"]
[Site "Ottawa CAN"]
[Date "2014.01.18"]
[Round "3"]
[White "Palsson, Halldor"]
[Black "Fei, David"]
[Result "1-0"]
[WhiteElo "1984"]
[BlackElo "1914"]
[PlyCount "69"]
[EventDate "2014.01.17"]
[EventType "swiss"]
[EventRounds "5"]
[EventCountry "CAN"]

1. d4 d5 2. c4 dxc4 3. e3 e5 4. Bxc4 exd4 5. exd4 Bd6 6. Nf3 Nf6 7. O-O O-O 8.
Bg5 h6 9. Bh4 Bf5 10. Nc3 c6 11. a4 Nbd7 12. a5 Qc7 13. Qb3 Bg4 14. Bg3 Bxf3
15. gxf3 Nh5 16. Ne4 Bf4 17. Rfd1 c5 18. dxc5 Ne5 19. Rd5 Kh8 20. Nd6 Qe7 21.
Rad1 Nxc4 22. Qxc4 Nxg3 23. hxg3 Bg5 24. b4 a6 25. Kg2 f5 26. Rxf5 Qxd6 27.
cxd6 Rxf5 28. f4 Bf6 29. Qe4 Rb5 30. d7 Rd8 31. Rd6 Rg8 32. Re6 Bd8 33. Re8 Bc7
34. Rxg8+ Kxg8 35. Qc4+ 1-0

[Event "RA Winter op"]
[Site "Ottawa CAN"]
[Date "2014.01.19"]
[Round "4"]
[White "Pacey, Kevin"]
[Black "Zhou, Qiyu"]
[Result "1/2-1/2"]
[WhiteElo "2214"]
[BlackElo "2187"]
[PlyCount "65"]
[EventDate "2014.01.17"]
[EventType "swiss"]
[EventRounds "5"]
[EventCountry "CAN"]

1. d4 Nf6 2. c4 e6 3. Nc3 Bb4 4. e3 O-O 5. Bd3 d5 6. Nf3 c5 7. O-O Nbd7 8. cxd5
exd5 9. a3 Bxc3 10. bxc3 c4 11. Bc2 Re8 12. Nd2 Qc7 13. Bb2 b5 14. Re1 Bb7 15.
f3 a5 16. Nf1 Bc6 17. Ng3 Qb7 18. Qd2 Nb8 19. e4 dxe4 20. fxe4 Na6 21. e5 Nd5
22. Nf5 Qc7 23. Nd6 Rf8 24. Qg5 b4 25. Bxh7+ Kxh7 26. Qh5+ Kg8 27. Re4 Qxd6 28.
exd6 Nf6 29. Qe2 Bxe4 30. axb4 Bd3 31. Qf3 Be4 32. Qf1 Bd3 33. Qf3 1/2-1/2

[Event "RA Winter op"]
[Site "Ottawa CAN"]
[Date "2014.01.19"]
[Round "4"]
[White "Sambuev, Bator"]
[Black "Gelblum, Robert"]
[Result "1-0"]
[WhiteElo "2706"]
[BlackElo "2236"]
[PlyCount "113"]
[EventDate "2014.01.17"]
[EventType "swiss"]
[EventRounds "5"]
[EventCountry "CAN"]

1. d4 d5 2. c4 c6 3. Nf3 Nf6 4. e3 e6 5. Nbd2 c5 6. b3 Nc6 7. Bb2 Bd6 8. Bd3
O-O 9. O-O Qe7 10. cxd5 Nxd5 11. Ne4 cxd4 12. Nxd6 Qxd6 13. Nxd4 Bd7 14. Nf3
Qe7 15. a3 Rad8 16. Qc2 h6 17. Rfd1 Rc8 18. Qe2 Rfd8 19. b4 a6 20. Rac1 Be8 21.
Bb1 Nf6 22. Rxd8 Rxd8 23. Nd2 Na7 24. Nb3 Bb5 25. Qe1 e5 26. f3 Bd3 27. Ba2 Bb5
28. Rd1 Nc6 29. Rxd8+ Qxd8 30. Qd2 Qe7 31. Nc1 Nb8 32. Ne2 Bc6 33. Ng3 g6 34.
e4 Kh7 35. Nf1 Nbd7 36. Ne3 Nb6 37. Bc1 Qf8 38. h3 Nh5 39. Ng4 Nd7 40. Qxh6+
Qxh6 41. Nxh6 f6 42. Nf7 Nf4 43. Bxf4 exf4 44. Nd8 Ne5 45. Nxc6 Nxc6 46. Bd5
Nd8 47. g3 g5 48. Kg2 Kh6 49. h4 Kg6 50. Kh3 fxg3 51. Kxg3 b6 52. Kg4 gxh4 53.
Kxh4 a5 54. Kg4 axb4 55. axb4 f5+ 56. exf5+ Kf6 57. Kf4 1-0

[Event "RA Winter op"]
[Site "Ottawa CAN"]
[Date "2014.01.19"]
[Round "5"]
[White "De Kerpel, Stijn"]
[Black "Dykes, John"]
[Result "1-0"]
[WhiteElo "2240"]
[BlackElo "1894"]
[PlyCount "57"]
[EventDate "2014.01.17"]
[EventType "swiss"]
[EventRounds "5"]
[EventCountry "CAN"]

1. e4 e5 2. Nf3 Nc6 3. Bc4 Bc5 4. c3 Nf6 5. d3 O-O 6. Nbd2 d6 7. Bb3 Na5 8. Bc2
Ng4 9. O-O Bb6 10. b4 Nc6 11. h3 Nf6 12. Nc4 Be6 13. Bb3 Qe7 14. a4 a6 15. Nxb6
Bxb3 16. Qxb3 cxb6 17. Be3 Qc7 18. c4 a5 19. bxa5 Nxa5 20. Qxb6 Qxb6 21. Bxb6
Nd7 22. Rfb1 Rfc8 23. Rb5 Nc6 24. Be3 Rcb8 25. Rd5 Nf6 26. Rxd6 Kf8 27. Bg5 Ke7
28. Rd5 Ke6 29. Rb5 1-0

[Event "RA Winter op"]
[Site "Ottawa CAN"]
[Date "2014.01.18"]
[Round "5"]
[White "Sambuev, Bator"]
[Black "Pacey, Kevin"]
[Result "1-0"]
[WhiteElo "2706"]
[BlackElo "2161"]
[PlyCount "73"]
[EventDate "2014.01.17"]
[EventType "swiss"]
[EventRounds "5"]
[EventCountry "CAN"]

1. d4 Nf6 2. Nf3 e6 3. e3 b6 4. Bd3 Bb7 5. O-O d5 6. b3 Bd6 7. Bb2 O-O 8. c4
Ne4 9. Nc3 f5 10. Rc1 c6 11. Ne2 Nd7 12. Ne5 Rc8 13. f3 Bxe5 14. dxe5 Nec5 15.
Bb1 a5 16. a3 a4 17. b4 Nb3 18. Nd4 Nxd4 19. Bxd4 dxc4 20. Qxa4 Ra8 21. Qc2 c5
22. bxc5 bxc5 23. Bb2 Nb6 24. Rcd1 Qg5 25. Bc1 Nd5 26. Rfe1 c3 27. e4 Nf4 28.
Bxf4 Qxf4 29. Qxc3 fxe4 30. Bxe4 Bxe4 31. Rxe4 Qg5 32. h4 Qe7 33. Rd6 Rfc8 34.
Qc4 Rxa3 35. Rxe6 Qf7 36. Rf4 Rc3 37. Re8+ 1-0

[Event "RA Winter op U1900"]
[Site "Ottawa CAN"]
[Date "2014.01.17"]
[Round "1"]
[White "Legault, Stephane"]
[Black "Ivanenko, Anthony"]
[Result "1-0"]
[WhiteElo "1684"]
[BlackElo "1800"]
[PlyCount "75"]
[EventDate "2014.01.17"]
[EventType "swiss"]
[EventRounds "5"]
[EventCountry "CAN"]

1. e4 c6 2. d4 d5 3. e5 Bf5 4. c4 e6 5. Nc3 Bg6 6. Nf3 Nh6 7. cxd5 cxd5 8. Bb5+
Nc6 9. Qa4 Qc7 10. O-O Nf5 11. Be3 Be7 12. Rac1 O-O 13. Bxc6 bxc6 14. b4 a6 15.
Ne2 Rfc8 16. Nf4 Qb7 17. a3 Nxe3 18. fxe3 Be4 19. Nd2 Bf5 20. Nb3 Bd8 21. Na5
Bxa5 22. Qxa5 Qb5 23. Rc5 Qb7 24. Rfc1 Rc7 25. Qa4 Rac8 26. Nh5 Bd3 27. Qd1 Bc4
28. Qg4 g6 29. Nf6+ Kg7 30. h4 h6 31. R5xc4 dxc4 32. Ne4 Rd8 33. h5 Qb5 34. Qf3
Rdd7 35. Qf6+ Kh7 36. hxg6+ fxg6 37. Qxe6 Re7 38. Nf6+ 1-0

[Event "RA Winter op U1900"]
[Site "Ottawa CAN"]
[Date "2014.01.18"]
[Round "2"]
[White "Langer, Herb"]
[Black "Legault, Stephane"]
[Result "1/2-1/2"]
[WhiteElo "1688"]
[BlackElo "1684"]
[PlyCount "127"]
[EventDate "2014.01.17"]
[EventType "swiss"]
[EventRounds "5"]
[EventCountry "CAN"]

1. d4 Nf6 2. Nf3 d5 3. c4 dxc4 4. Qa4+ Bd7 5. Qxc4 b5 6. Qc2 b4 7. e4 e6 8. Bd3
Nc6 9. O-O Be7 10. Nbd2 Na5 11. b3 Rc8 12. Bb2 c5 13. Qb1 Qb6 14. Nc4 Nxc4 15.
Bxc4 Bb5 16. d5 Bxc4 17. bxc4 exd5 18. exd5 O-O 19. Ng5 g6 20. Ne4 Nxe4 21.
Qxe4 Bf6 22. Rab1 Bxb2 23. Rxb2 Qf6 24. Rb3 Qd4 25. Qxd4 cxd4 26. Rxb4 Rb8 27.
Rfb1 Rxb4 28. Rxb4 Re8 29. Rb1 Rc8 30. Rc1 d3 31. Kf1 d2 32. Rd1 Rxc4 33. Rxd2
Rc1+ 34. Ke2 Kf8 35. Kd3 Ke7 36. Kd4 Kd6 37. f4 Rc5 38. Ke4 f5+ 39. Ke3 Rxd5
40. Rc2 Rd1 41. Rc8 Re1+ 42. Kf2 Re7 43. Rd8+ Kc5 44. Kf3 Kb4 45. Rd2 Kc3 46.
Rf2 Rd7 47. Kg3 Rd3+ 48. Kh4 Re3 49. Kg5 a5 50. Kh6 Re7 51. Kg5 a4 52. g4 fxg4
53. Kxg4 Rd7 54. h4 Rd2 55. Rf3+ Kb4 56. a3+ Kc4 57. Kg5 Rd5+ 58. Kg4 Rd3 59.
Rxd3 Kxd3 60. h5 Kc3 61. hxg6 hxg6 62. Kg5 Kb3 63. Kxg6 Kxa3 64. f5 1/2-1/2

[Event "RA Winter op U1900"]
[Site "Ottawa CAN"]
[Date "2014.01.19"]
[Round "4"]
[White "Kellar, Ben"]
[Black "Danilov, Alex"]
[Result "0-1"]
[WhiteElo "1664"]
[BlackElo "1843"]
[PlyCount "36"]
[EventDate "2014.01.17"]
[EventType "swiss"]
[EventRounds "5"]
[EventCountry "CAN"]

1. c4 Nf6 2. g3 d5 3. cxd5 Nxd5 4. Bg2 e5 5. Qb3 c6 6. Nc3 Nb4 7. Nf3 Be6 8.
Qd1 Nd7 9. d4 Bf5 10. e4 Bg4 11. a3 exd4 12. axb4 dxc3 13. bxc3 Ne5 14. Ke2 Qf6
15. Bf4 Nxf3 16. Bxf3 Bxf3+ 17. Kxf3 g5 18. e5 Qf5 0-1

[Event "RA Winter op U1900"]
[Site "Ottawa CAN"]
[Date "2014.01.19"]
[Round "5"]
[White "Danilov, Alex"]
[Black "Krolczyk, Jacob"]
[Result "1/2-1/2"]
[WhiteElo "1843"]
[BlackElo "1851"]
[PlyCount "72"]
[EventDate "2014.01.17"]
[EventType "swiss"]
[EventRounds "5"]
[EventCountry "CAN"]

1. Nf3 Nf6 2. c4 g6 3. g3 Bg7 4. Nc3 b6 5. Bg2 Bb7 6. O-O O-O 7. d3 d5 8. Nd2
c6 9. cxd5 cxd5 10. Rb1 Nbd7 11. b3 Qc8 12. Bb2 d4 13. Nce4 Nxe4 14. Nxe4 f5
15. Rc1 Qb8 16. Ng5 Bxg2 17. Kxg2 Qd6 18. Rc2 h6 19. Nf3 Rac8 20. Qc1 Rxc2 21.
Qxc2 Kh7 22. Rc1 e5 23. Qc4 a5 24. Qb5 Nc5 25. a3 e4 26. dxe4 fxe4 27. Ne1 Qd5
28. b4 Rxf2+ 29. Kg1 Rxe2 30. Qxe2 d3 31. Nxd3 Nxd3 32. Rc7 Nxb2 33. Qxb2 Qd1+
34. Kg2 Qf3+ 35. Kg1 Qd1+ 36. Kg2 Qf3+ 1/2-1/2

[Event "RA Winter op U1900"]
[Site "Ottawa CAN"]
[Date "2014.01.19"]
[Round "5"]
[White "Laurin, Marcel"]
[Black "Kearnan, Daniel"]
[Result "1-0"]
[WhiteElo "1639"]
[BlackElo "1794"]
[PlyCount "45"]
[EventDate "2014.01.17"]
[EventType "swiss"]
[EventRounds "5"]
[EventCountry "CAN"]

1. d4 Nf6 2. c4 e6 3. a3 b6 4. Nc3 Bb7 5. Nf3 Be7 6. Qc2 d5 7. Bf4 a6 8. e3 O-O
9. Bd3 Nbd7 10. cxd5 exd5 11. Rc1 c5 12. Ng5 h6 13. h4 cxd4 14. exd4 Re8 15.
Kf1 Rc8 16. Bh7+ Kf8 17. Qf5 hxg5 18. hxg5 Nxh7 19. Rxh7 Kg8 20. Qh3 f5 21. g6
Bh4 22. Rxh4 Kf8 23. Bd6+ 1-0

[Event "RACC-ch"]
[Site "Ottawa CAN"]
[Date "2014.01.30"]
[Round "4"]
[White "Gordon, David"]
[Black "Khachidze, Vasil"]
[Result "0-1"]
[WhiteElo "2264"]
[BlackElo "2221"]
[PlyCount "88"]
[EventDate "2014.01.02"]
[EventType "swiss"]
[EventRounds "7"]
[EventCountry "CAN"]

1. d4 d5 2. c4 c6 3. Nf3 Nf6 4. cxd5 cxd5 5. Nc3 Nc6 6. Bf4 e6 7. e3 Bd6 8.
Bxd6 Qxd6 9. Bd3 O-O 10. O-O Ne8 11. e4 dxe4 12. Nxe4 Qd5 13. Rc1 f5 14. Nc3
Qd8 15. d5 exd5 16. Nxd5 Kh8 17. Qb3 Be6 18. Qa3 Nc7 19. Qxf8+ Qxf8 20. Nxc7
Bxa2 21. Nxa8 g6 22. Nc7 Qd6 23. Bb5 Qxc7 24. Bxc6 bxc6 25. Nd4 Bd5 26. Rfe1
Qf4 27. Nc2 Qg5 28. Ne3 Be4 29. Rc5 Qf6 30. f3 Bd5 31. Rc3 Bf7 32. Rd1 h5 33.
f4 Qe7 34. g3 h4 35. Kf2 Qe4 36. Rd7 Be6 37. Rxa7 g5 38. fxg5 f4 39. Ra8+ Kg7
40. gxf4 Qxf4+ 41. Ke1 Qxh2 42. Nd1 Qg1+ 43. Kd2 h3 44. Ra7+ Qxa7 0-1

[Event "RACC-ch"]
[Site "Ottawa CAN"]
[Date "2014.02.06"]
[Round "5"]
[White "Khachidze, Vasil"]
[Black "Gelblum, Robert"]
[Result "1-0"]
[WhiteElo "2221"]
[BlackElo "2236"]
[PlyCount "83"]
[EventDate "2014.01.02"]
[EventType "swiss"]
[EventRounds "7"]
[EventCountry "CAN"]

1. e4 c5 2. Nf3 d6 3. d4 cxd4 4. Nxd4 Nf6 5. Nc3 g6 6. Be3 a6 7. f3 b5 8. Qd2
Bb7 9. Be2 Nbd7 10. a4 e5 11. Nb3 b4 12. Na2 d5 13. Nxb4 dxe4 14. O-O Qc7 15.
Rad1 exf3 16. Bxf3 e4 17. Be2 Be7 18. Qd4 O-O 19. Bf4 Qb6 20. Qxb6 Nxb6 21. Bd6
Bxd6 22. Rxd6 Nbd5 23. Rdxf6 Nxf6 24. Rxf6 a5 25. Na2 Bd5 26. Nc3 Bxb3 27. cxb3
e3 28. Rf3 Rad8 29. Rxe3 Rd2 30. Bc4 Rxb2 31. Nd5 Kg7 32. Re7 Kh6 33. Ra7 f5
34. Rxa5 f4 35. Ra7 f3 36. gxf3 Rxf3 37. Re7 Rff2 38. Ne3 Rfd2 39. a5 Rb1+ 40.
Nf1 Rd4 41. a6 Ra1 42. Kf2 1-0

[Event "Riedstra mem."]
[Site "Kitchener CAN"]
[Date "2014.03.16"]
[Round "4"]
[White "Jung, Hans"]
[Black "Peredun, Andrew"]
[Result "1/2-1/2"]
[WhiteElo "2282"]
[BlackElo "2323"]
[PlyCount "143"]
[EventDate "2014.03.16"]
[EventType "swiss"]
[EventRounds "5"]
[EventCountry "CAN"]

1. e4 c5 2. Nf3 d6 3. Bb5+ Nd7 4. a4 Ngf6 5. Qe2 a6 6. Bc4 e6 7. O-O Be7 8. d4
d5 9. e5 dxc4 10. exf6 Nxf6 11. dxc5 Bxc5 12. Qxc4 Qe7 13. Bg5 h6 14. Bxf6 gxf6
15. Nc3 Bd7 16. Rad1 Rc8 17. Qh4 f5 18. Qg3 Kf8 19. Qf4 Bc6 20. Rd3 Qf6 21. Ne5
Qg5 22. Nd7+ Bxd7 23. Qxg5 hxg5 24. Rxd7 Bb4 25. Na2 Be7 26. c3 b5 27. axb5
axb5 28. Rb7 Bd6 29. g3 Rb8 30. Rd7 Bc5 31. Nc1 Kg7 32. Nd3 Bb6 33. Ne5 Rhe8
34. Re1 Rbd8 35. Rb7 Rb8 36. Rd7 Rbd8 37. Red1 Kf6 38. Nc6 Rxd7 39. Rxd7 Rc8
40. Nb4 Rd8 41. Rb7 Rd6 42. Kf1 g4 43. Ke2 Kg6 44. Nc2 Bxf2 45. Rxb5 Bg1 46. c4
Bxh2 47. Rb3 f4 48. gxf4 Bxf4 49. Ne3 f5 50. c5 Rc6 51. Rb5 Kg5 52. b4 Ra6 53.
Ra5 Rc6 54. Ra8 Be5 55. Kd3 Kf4 56. Nc4 Bc7 57. Rc8 g3 58. Ke2 e5 59. Nb6 Rxb6
60. cxb6 Bxb6 61. Rg8 e4 62. Rg6 Bf2 63. b5 Ke5 64. b6 f4 65. b7 Ba7 66. Kf1 e3
67. Ke2 Ke4 68. Re6+ Kf5 69. Re8 g2 70. Rg8 Ke4 71. Re8+ Kd5 72. Rg8 1/2-1/2

[Event "Samedi 2014.01.11"]
[Site "Ste-Foy CAN"]
[Date "2014.01.11"]
[Round "1"]
[White "Ferrando, Carlos"]
[Black "Cummins, Paul"]
[Result "0-1"]
[WhiteElo "1340"]
[BlackElo "1874"]
[PlyCount "75"]
[EventDate "2014.01.11"]
[EventType "tourn"]
[EventRounds "5"]
[EventCountry "CAN"]

1. d4 Nf6 2. Bf4 d6 3. e3 g6 4. c3 Bg7 5. Nf3 Nh5 6. Bg3 Nxg3 7. hxg3 c6 8. Qb3
d5 9. Be2 Nd7 10. Nbd2 Nf6 11. Rc1 Rb8 12. Ng5 h6 13. Nh3 O-O 14. Bd3 Ng4 15.
Qc2 Qd6 16. Nf1 e5 17. Ng1 e4 18. Be2 c5 19. Nh3 cxd4 20. cxd4 Bd7 21. Nf4 Rfc8
22. Qd1 Qb4+ 23. Nd2 Nf6 24. b3 Qa3 25. O-O Rxc1 26. Qxc1 Qxa2 27. Qe1 Rc8 28.
Bd1 Rc1 29. Ne2 Rc8 30. Kh1 Bf8 31. Nxe4 Nxe4 32. f3 Nd2 33. Rf2 Bb4 34. Nf4
Qa5 35. Qg1 Rc1 36. Nd3 Ra1 37. Nc5 Bxc5 38. dxc5 0-1

[Event "Samedi 2014.01.11"]
[Site "Ste-Foy CAN"]
[Date "2014.01.11"]
[Round "1"]
[White "Jean, Martin"]
[Black "Sauve, Richard"]
[Result "0-1"]
[WhiteElo "1459"]
[BlackElo "1915"]
[PlyCount "102"]
[EventDate "2014.01.11"]
[EventType "tourn"]
[EventRounds "5"]
[EventCountry "CAN"]

1. c4 e6 2. Nc3 d5 3. cxd5 exd5 4. d4 c6 5. g3 Nf6 6. Bg2 Bd6 7. Nf3 O-O 8. O-O
Re8 9. Bg5 Nbd7 10. Qc2 h6 11. Bxf6 Nxf6 12. Rae1 Be6 13. a3 Qc7 14. e4 dxe4
15. Nxe4 Nxe4 16. Rxe4 Bd5 17. Re3 Rxe3 18. fxe3 Re8 19. Nh4 Bxg2 20. Nxg2 Qe7
21. Re1 Qe4 22. Qxe4 Rxe4 23. Kf2 g6 24. Rc1 Kg7 25. Ke2 f5 26. Kd3 Re7 27. Rc2
g5 28. Rf2 Kg6 29. Rf1 c5 30. Re1 cxd4 31. exd4 Rxe1 32. Nxe1 h5 33. Ke2 f4 34.
gxf4 Bxf4 35. h3 Kf5 36. Kf3 g4+ 37. hxg4+ hxg4+ 38. Ke2 Ke4 39. Nd3 Bg5 40.
Nc5+ Kd5 41. b3 b6 42. Nd3 Kxd4 43. Nf2 g3 44. Nh3 Be7 45. a4 Kc3 46. Kf3 Bd6
47. a5 bxa5 48. Ng5 Kxb3 49. Ne4 Bb8 50. Nc5+ Kc4 51. Nd7 Bd6 0-1

[Event "Samedi 2014.01.11"]
[Site "Ste-Foy CAN"]
[Date "2014.01.11"]
[Round "2"]
[White "Caron, Sebastien"]
[Black "Laflamme, Simon"]
[Result "1/2-1/2"]
[WhiteElo "1950"]
[BlackElo "1910"]
[PlyCount "58"]
[EventDate "2014.01.11"]
[EventType "tourn"]
[EventRounds "5"]
[EventCountry "CAN"]

1. b3 e5 2. Bb2 Nc6 3. e3 Nf6 4. d3 d5 5. Nf3 Bd6 6. Nbd2 O-O 7. Be2 Re8 8. e4
Qe7 9. O-O Be6 10. Ng5 Ba3 11. Bxa3 Qxa3 12. Nxe6 Rxe6 13. exd5 Nxd5 14. Bf3
Nc3 15. Nc4 Qe7 16. Qd2 Nb5 17. Bxc6 Rxc6 18. a4 Nd4 19. Rfe1 Re6 20. Qd1 Re8
21. c3 Nc6 22. Qd2 Qf6 23. Re2 Ne7 24. Ne3 c6 25. Rae1 Qg5 26. Nd5 Qxd2 27.
Nxe7+ R8xe7 28. Rxd2 c5 29. f3 Rd7 1/2-1/2

[Event "Samedi 2014.01.11"]
[Site "Ste-Foy CAN"]
[Date "2014.01.18"]
[Round "2"]
[White "Cummins, Paul"]
[Black "Cournoyer, Dominic"]
[Result "0-1"]
[WhiteElo "1874"]
[BlackElo "2042"]
[PlyCount "88"]
[EventDate "2014.01.11"]
[EventType "tourn"]
[EventRounds "5"]
[EventCountry "CAN"]

1. e4 d5 2. exd5 Nf6 3. Bb5+ Bd7 4. Be2 Nxd5 5. d4 e6 6. Nf3 Be7 7. O-O O-O 8.
c4 Nf6 9. Nc3 Bc6 10. Ne5 Nfd7 11. f4 Nxe5 12. fxe5 b6 13. Be3 Nd7 14. Bd3 Bg5
15. Bf2 Bb7 16. Qh5 g6 17. Qg4 Bh6 18. Qh3 Bg7 19. Bh4 Qe8 20. Ne4 Rc8 21. Bf6
Bxe4 22. Bxe4 c5 23. Qh4 cxd4 24. Rf3 Nxe5 25. Rh3 h5 26. Rf1 Ng4 27. Be7 Rxc4
28. Bd3 Rc7 29. Bd6 Qd7 30. Bxc7 Qxc7 31. Be2 Nh6 32. Bd3 Qc5 33. Qe4 Qe5 34.
Qb7 Qb8 35. Qe4 Qa8 36. Qe2 Qd5 37. a3 Rc8 38. Be4 Qe5 39. Qd3 f5 40. Bb7 Rc7
41. Ba6 Qc5 42. Rg3 Kh7 43. Qe2 d3+ 44. Qf2 Bd4 0-1